|
|
|
|
| LEADER |
00000nab a2200000 a 4500 |
| 001 |
vtls000522181 |
| 003 |
SK-MaSNL |
| 005 |
20260318123855.0 |
| 008 |
180320c1994 xo 0 hun |
| 015 |
|
|
|a SNBRB19rr/mm-uuuuu
|
| 035 |
|
|
|a CL0522319
|
| 040 |
|
|
|a SNKBUCL
|b slo
|c SNKBUCL
|e AACR2
|
| 041 |
0 |
|
|a hun
|
| 044 |
|
|
|a xo
|c SK
|
| 080 |
|
|
|a 82:929:830 (437)
|2 1981
|
| 080 |
|
|
|a 830 (437)
|2 1981
|
| 100 |
1 |
|
|a Pašiaková, Jaroslava,
|d 1931-
|4 aut
|9 111761
|
| 245 |
1 |
0 |
|a Franz Kafka - a nagy magányos
|c Jaroslava Pašiaková
|
| 600 |
1 |
7 |
|a Kafka, Franz,
|d 1883-1924
|2 snkbucl
|9 222448
|
| 655 |
|
7 |
|a články z novín a časopisov
|2 snkbucl
|9 267496
|
| 655 |
|
7 |
|a biografie cudzincov
|2 snkbucl
|9 980081
|
| 655 |
|
7 |
|a články z odboru literárna veda a krásna literatúra
|2 snkbucl
|9 770045
|
| 773 |
0 |
|
|t Irodalmi szemle
|g Roč. 37, č. 7-8 (1994), s. 124-126
|
| 850 |
|
|
|a Slovenská národná knižnica v Martine
|a DSG001
|
| 852 |
|
|
|a SNK
|b KIS3GCP
|
| 958 |
|
|
|a RK
|
| 958 |
|
|
|a BC
|
| 958 |
|
|
|a CZ
|
| 958 |
|
|
|a HU
|
| 958 |
|
|
|a LX
|
| 958 |
|
|
|a DE
|
| 992 |
|
|
|a RBX
|
| 999 |
|
|
|c 2274549
|d 2276479
|